Quizzes
Events
Quiz Creation
Community
Videos
Private Events
Remove Ads
Sign In
Join for FREE
Feedback
Dark Mode
Quiz Categories
Sports
Geography
Music
Movies
Television
Just For Fun
Miscellaneous
History
Literature
Language
Science
Gaming
Entertainment
Religion
Holiday
For Kids
Quiz Lab
Recent
Popular Today
Quiz Kudos Today
Editor Picks
Curator Picks
Quizzes by...
Day
Popularity
Type
Ratings
Length
Year
Community
Subscriptions
Recent Discussions
Orange Saloon
Badges
Playlists
Quests
Create
Leaderboards
Showdown
Live 5
Trivia Bingo
Activity
Puzzle Library
Sporcle Events
Private Events
Virtual Trivia
Globe League
Become a Host
Pub Owners
SporcleCon
Opinionation
Our Games
Videos
Blog
Mobile Apps
Partnerships
Remove Ads and Go Orange
Feedback
Sports
Athletes
MLB
NBA
NHL
NFL
Soccer
Sports Teams
WWE
NCAA
Football
Premier League
Basketball
Baseball
Hockey
Golf
Tennis
Cricket
Rugby
Auto Racing
Olympics
World Cup
Sports
Athletes
MLB
NBA
NHL
NFL
Soccer
Sports Teams
WWE
NCAA
Football
Premier League
Basketball
Baseball
Hockey
Golf
Tennis
Cricket
Rugby
Auto Racing
Olympics
World Cup
Random Quiz
Search Sporcle
×
Quiz Lab
Quiz Lab
Sports
total
Type in answers that appear in a list
Type in answers that appear in a list
Classic
Best Score? Go Orange.
100 Highest Paid Athletes 2016 Stats
Can you name the 100 Highest Paid Athletes 2016?
By
tlamb
15m
100 Questions
137 Plays
137 Plays
137 Plays
Comments
Comments
Give Quiz Kudos
Give Quiz Kudos
-
- Ratings
hide this ad
Replay
Link that replays current quiz
Next Quiz
Link to next quiz in quiz playlist
You Got
0%
They Got
Avg Score
45%
Avg Friend Score
Upgrade to see
Score Distribution
Jump to the score distribution portion of the page
Score
0/100
Timer
15:00
0
Plays Today
Sport
Athlete
% Correct
Soccer
Lionel Messi
97.8%
Soccer
Cristiano Ronaldo
96.4%
Basketball
LeBron James
96.4%
Tennis
Roger Federer
92%
Golf
Tiger Woods
86.9%
Basketball
Kevin Durant
83.9%
Basketball
Kobe Bryant
83.9%
Tennis
Serena Williams
83.2%
Football
Trent Williams
82.5%
Football
Dez Bryant
82.5%
Tennis
Rafael Nadal
81.8%
Tennis
Novak Djokovic
79.6%
Football
Tom Brady
79.6%
Football
Eli Manning
78.1%
Football
Peyton Manning
78.1%
Boxing
Floyd Mayweather
77.4%
Basketball
Stephen Curry
75.9%
Golf
Phil Mickelson
69.3%
Basketball
Joe Johnson
67.9%
Auto Racing
Jimmie Johnson
67.9%
Soccer
James Rodriguez
67.9%
Baseball
Alex Rodriguez
67.9%
Basketball
Russell Westbrook
66.4%
Basketball
Dwayne Wade
65.7%
Basketball
Carmelo Anthony
62.8%
Basketball
Chris Paul
62.8%
Formula 1
Lewis Hamilton
61.3%
Basketball
James Harden
61.3%
Tennis
Andy Murray
60.6%
Soccer
Neymar
59.9%
Football
Julio Jones
59.1%
Golf
Jordan Spieth
58.4%
Basketball
Blake Griffin
58.4%
Football
Russell Wilson
57.7%
Sport
Athlete
% Correct
Golf
Rory Mcilroy
55.5%
Football
Drew Brees
55.5%
Basketball
Dwight Howard
55.5%
Track and Field
Usain Bolt
54%
Basketball
Chris Bosh
54%
Baseball
Ryan Howard
53.3%
Basketball
Kyrie Irving
51.1%
Football
Cameron Jordan
51.1%
Football
Cam Newton
50.4%
Basketball
Derrick Rose
49.6%
Baseball
Clayton Kershaw
49.6%
Football
Joe Flacco
48.9%
Soccer
Wayne Rooney
48.9%
Football
A.J. Green
46.7%
Basketball
Kevin Love
46.7%
Soccer
Zlatan Ibrahimovic
45.3%
Football
Phillip Rivers
43.8%
Soccer
Luis Suarez
43.8%
Soccer
Gareth Bale
42.3%
Football
Demaryius Thomas
41.6%
Tennis
Maria Sharapova
40.9%
Baseball
Albert Pujols
40.1%
Boxing
Manny Pacquiao
40.1%
Baseball
Miguel Cabrera
38%
Basketball
Paul George
37.2%
Basketball
LaMarcus Aldridge
37.2%
Baseball
Justin Verlander
35%
Baseball
Robinson Cano
35%
Baseball
David Ortiz
35%
Baseball
CC Sabathia
34.3%
MMA
Conor McGregor
33.6%
Baseball
Zach Greinke
31.4%
Golf
Jason Day
31.4%
Formula 1
Fernando Alonso
28.5%
Sport
Athlete
% Correct
Baseball
Felix Hernandez
28.5%
Soccer
Sergio Aguero
28.5%
Baseball
David Price
28.5%
Baseball
Adrian Gonzalez
28.5%
Baseball
Prince Fielder
27.7%
Baseball
Cliff Lee
27%
Formula 1
Sebastian Vettel
25.5%
Baseball
Mark Teixeira
24.8%
Soccer
Eden Hazard
22.6%
Baseball
Buster Posey
22.6%
Auto Racing
Dale Earnhardt
21.2%
Baseball
Troy Tulowitzki
20.4%
Baseball
Jacoby Ellsbury
19.7%
Baseball
Cole Hamels
19%
Football
Sam Bradford
17.5%
Baseball
Matt Kemp
16.1%
Baseball
Carl Crawford
15.3%
Baseball
Yoenis Cespedes
13.9%
Football
Cameron Heyward
13.9%
Tennis
Kei Nishikori
13.1%
Baseball
Masahiro Tanaka
13.1%
Soccer
Bastian Schweinsteiger
13.1%
Baseball
Jayson Werth
10.2%
Football
Marcell Dareus
8.8%
Football
Justin Houston
8.8%
Soccer
Angel Di Maria
8%
Football
Luke Kuechly
6.6%
Football
Oliver Vernon
4.4%
Formula 1
Nico Roseberg
3.6%
Baseball
Joe Maurer
2.2%
Football
Anthony Castonzo
2.2%
Boxing
Canelo Alverez
1.5%
Quiz Playlist
Details
Report
Send in Message
Add To Playlist
Classic:
Type in answers that appear in a list
Last Updated: Feb 16, 2017
Quiz Scoreboard
CHALLENGE
Sign Up to Join the Scoreboard
Show All
Scores
Hide
Comments
May contain spoilers
Recently Published
Presidents Visiting Landmarks
by Hejman
History
7m
An Introduction to Baseball
by treessimontrees
Sports
5m
Movies - When Are They Set?
by FPL_Elf
Movies
5m
More to Explore
Quiz From the Vault
Featured Blog Post
Where Did the Easter Bunny Come From?
hide this ad
You Might Also Like...
Tags
100
100 Highest
2016
Earning
highest
paid
total
Today's Top Quizzes in Sports
Browse Sports
hide this ad
Today's Top Quizzes in total
Browse total
Top Contributed Quizzes in Sports
1
Les meilleurs buteurs des matchs entre le PSG et l’OM
2
2022 World Cup Stars
3
FIFA Club World Cup Champions
4
Les entraîneurs de l'OM et du PSG au 21e siècle
5
Name the Premier League winners with different clubs
6
La finale Lions - Afrique du Sud 2021
7
England Test cricketers to play under Nasser Hussain
8
5-to-1: UK Sports Teams
9
Les joueurs passés par le LOSC et le RC Lens
10
Criteria MLB: Left Handed Sluggers
Explore More
Trending Topics
Crossword
Kpop
Anime
NBA
Disney
Marvel
Harry Potter
Song
Pokémon
NFL
Soccer
WWE
The Office
Country
Puzzle
hide this ad
More By:
tlamb
Quiz
Plays
Rating
Category
Featured
Created
WWE 2016 Roster (January)
3,097
1.17
Sports
Jan 20, 2016
WWE Chain Game
2,224
2.33
Sports
Aug 11, 2016
Money In The Bank Winners
1,951
2.33
Sports
Oct 19, 2015
Hip Hop Billboard Top 100 2017
1,413
3.00
Music
Jan 27, 2018
WWE Chain Game
1,116
2.33
Sports
Oct 18, 2015
Go to Creator's Profile
Score Distribution
Quiz Creator Spotlight
tlamb
Follow
Send a Message
Quizzes Created
-
Created Quiz Play Count
-
More By This Creator
Popular Quizzes Today
1
Find the US States - No Outlines Minefield
2
Find the Countries of Europe - No Outlines Minefield
3
The Countries of the World
4
Find the US States
5
Popular People in 1961
6
US States
7
Risky Map Clicking: Biggest States A-Z
8
1-10 Letter E Words III
More Sports Quizzes
Last XI: John Terry
Quiz Lab
Trending Quizzes
Risky Map Clicking: Least Populous States A-Z
1-10 Letter G Words
1-10 Letter F Words
One Thing in Common: United Kingdom
Risky Map Clicking: Next State Alphabetically
Recently Updated
Leaping Animals
pecheneg
Reality TV Shows (A-Z)
bhenderson79
Rickey Henderson's Hall of Fame Teammates
pecheneg
Champions League XIs: Arsenal
pecheneg
Quick Pick: Celebrities in WWE's Hall of Fame
aduchscher
A-Z Keypad Blitz II
pecheneg
Multiple Oscar Actors
pecheneg
Mystery Phrase Blitz: Oscar 'Best Actors'
pecheneg
F. Scott Fitzgerald Novels
LTH
Pick 3 Villains
ddd62291
Trending Topics
Anime
Disney
NBA
Crossword
Marvel
Harry Potter
Kpop
Pokémon
The Office
WWE
NFL
Soccer
Puzzle
Country
Song
Your Account Isn't Verified!
In order to create a playlist on Sporcle, you need to verify the email address you used during registration. Go to your
Sporcle Settings
to finish the process.
Report this User
Report this user for behavior that violates our
Community Guidelines
.
Details:
Send Report
Go to the Sporcle.com Mobile Site →
Comments